| 000 | 00356nam a2200145Ia 4500 | ||
|---|---|---|---|
| 008 | 150201s2001 xx 000 0 und d | ||
| 082 |
_a612.044 _bE01M |
||
| 100 | _aMCARDLE , WILLIAM D. | ||
| 245 | _aEXERCISE PHYSIOLOGY | ||
| 250 | _a5TH | ||
| 260 |
_bLIPPINCOTT _aPHILADELPHIA _c2001 |
||
| 300 | _a1-1158 | ||
| 650 | _aHUMAN PHYSIOLOGY | ||
| 942 |
_2ddc _cBK |
||
| 999 |
_c1506 _d1506 |
||